00322nam a2200097 a 4500082001700000100003200017245008600049260003400135300001300169650004200182 a541.0422 STR1 aStructure and Properties...10aDiscussions of the Faraday Society No.43: The structure and Properties of Liquids aLondonbFaraday Societyc1967 a248 p. ; achemical structure,properties,liquids